Formas básicas de la angustia : estudio de psicología profunda /

Guardat en:
Dades bibliogràfiques
Autor principal: Riemann, Fritz (autor)
Format: Llibre
Idioma:espanyol
Publicat: Barcelona, España : Herder, 1996, c1978
Edició:2a edición
Col·lecció:(Biblioteca de Psicología. Textos Universitarios)
Matèries:
Etiquetes: Afegir etiqueta
Sense etiquetes, Sigues el primer a etiquetar aquest registre!

MARC

LEADER 00000nam^a2200000^a^4500
001 000159060
005 20250521000000.0
009 20260310100634.469
020 |a 84-254-0712-5 
037 |a Acervo ITESO - Biblioteca 
041 |a ESP 
082 |a 152. 4  |b RIE 
100 |a Riemann, Fritz  |e (autor) 
245 1 0 |a Formas básicas de la angustia :  |b estudio de psicología profunda /  |c F. Riemann ; tr. por Alfredo Guera Miralles. 
250 |a 2a edición 
264 4 |a Barcelona, España :  |b Herder,  |c 1996, c1978 
300 |a 241 p. 
336 |a texto  |b txt  |2 rdacontenido 
337 |a sin mediación  |b n  |2 rdamedio 
338 |a volumen  |b nc  |2 rdasoporte 
440 1 |a (Biblioteca de Psicología.  |p Textos Universitarios) 
649 |a XX 
650 |a Ansiedad 
650 |a Psicosis 
650 |a Personalidad Histérica 
650 |a Personalidad Obsesivo-Compulsiva 
650 |a Personalidad Esquizoide 
650 |a Personalidad Depresiva 
650 |a Trastornos de la Personalidad 
650 |a Personalidad 
650 |a Psicoanálisis 
650 |a Psicopatología 
650 |a Psicología Clínica 
650 |a Psicología 
910 |a Fondo General 
920 |a Impresos - Libros 
930 |a Colección General 
905 |a 101 
901 |a 0500090663  |b IT1  |c ACC  |u 20250521 
902 |a https://opac.biblio.iteso.mx/vufind/Record/000159060